|
|
|
|
| LEADER |
00000nam a22000007a 4500 |
| 005 |
20190714153946.0 |
| 007 |
cr|||| |||| |
| 008 |
190714s2019 es |||||s|||| 00||0 spa d |
| 020 |
|
|
|a 978-84-1324-028-2
|
| 035 |
|
|
|a 23773
|
| 040 |
|
|
|a vLex
|
| 090 |
|
|
|c 9034
|d 9034
|
| 100 |
1 |
|
|a LLed ̤Yagüe, Francisco
|
| 245 |
1 |
0 |
|a Aspectos jurd̕ico-cientf̕icos de la crin̤ica en seres humanos
|h [Recurso electrn̤ico] :
|b el derecho a vivir despues de la muerte /
|c Francisco LLed ̤Yagüe, Susana Infantes Esteban
|
| 256 |
|
|
|a Servicio en ln̕ea
|
| 260 |
|
|
|a Madrid:
|b Dykinson,
|c 2019
|
| 300 |
|
|
|a 1 recurso electrn̤ico
|
| 506 |
1 |
|
|a Disponible solo en los productos indicados
|d vLex Global
|d vLex Global (Academic Edition, excluding Law Schools)
|d vLex Global (U.S. Academic Edition, Law Schools)
|d vLex Global (U.S. Academic Edition, excluding Law Schools)
|d vLex Global (Academic Edition, Law Schools)
|
| 650 |
0 |
4 |
|a Derecho Civil
|z Espaą
|
| 650 |
0 |
4 |
|a Medicina
|z Espaą
|
| 700 |
1 |
|
|a Infantes Esteban, Susana
|
| 740 |
0 |
|
|a vLex Libros (Servicio en ln̕ea)
|
| 856 |
4 |
0 |
|u http://vlex.com/source/aspectos-juridico-cientificos-crionica-seres-humanos-derecho-vivir-despues-muerte-brecha-vida-muerte-reduce-23773
|z Acceso restringido
|
| 942 |
|
|
|c BOOK
|
| 999 |
0 |
|
|a Civil Law
|
| 999 |
0 |
|
|a Medicine
|